Historia de la legislación española (Registro nro. 242728)

Detalles MARC
000 -ENCABEZADO
Número de control [NR] 01846nam a2200289 b 4500
005 - FECHA Y HORA DE LA ÚLTIMA TRANSACCIÓN
control field 20140903175115.0
008 - DE LONGITUD FIJA DE DATOS DE ELEMENTOS - INFORMACIÓN GENERAL
Elementos de longitud fija [NR] 891106s1884 sp fr 1 0 spa d
016 7# - NUMERO DE CONTROL DE AGENCIA BIBLIOGRAFICA NACIONAL [R]
Número de control [NR] bimoBNE20010115153
Número de control cancelado/invalidado [R] BNPAB00007456
Fuente [NR] SpMaBN
035 ## - NUMERO DE CONTROL DEL SISTEMA [R]
Número de control del sistema [NR] (OCoLC)433649753
040 ## - FUENTE DE CATALOGACION [NR]
Agencia de catalogación original [NR] SpMaBN
Idioma de catalogación [NR] spa
Quien Cataloga Sandra Yazo
Quien Clasifica Sandra Yazo
041 0# - CODIGO DE IDIOMA [R]
Código de idioma para texto/pista de sonido o título separado [R] Español
082 04 - NUMERO DE CLASIFICACION DECIMAL DEWEY [R]
Número de la edición [NR] 346.46
Número de clasificación [R] 20
092 ## - SIGNATURA TOPOGRAFICA LOCAL
Número de clasificación local E29N027
100 1# - ASIENTO PRINCIPAL--NOMBRE PERSONAL [NR]
Nombre personal [NR] Antequera, José María
Fechas asociadas con el nombre [NR] m. 1891
ID Autoridad 36320
245 10 - MENCION DE TITULO [NR]
Título [NR] Historia de la legislación española
Parte restante del título [NR] desde los tiempos mas remotos hasta nuestros días
Mención de responsabilidad, etc. [NR] nuevamente escrita por Don José Maria Antequera
250 ## - MENCION DE EDICION [NR]
Mención de edición [NR] Segunda edición
260 ## - PUBLICACION, DISTRIBUCION, ETC. (PIE DE IMPRENTA) [R]
Lugar de publicación, distribución, etc. [R] Madrid
Nombre del editor, distribuidor, etc. [R] Imp. A. Pérez Dubrull
Fecha de publicación, distribución, etc. [R] 1884
300 ## - DESCRIPCION FISICA [R]
Extensión [R] xi, 558 páginas
Dimensiones [R] 24 x 16 cm.
500 ## - NOTA GENERAL [R]
Nota general [NR] Detalles físicos: Encuadernación rígida en cartón forrada en cuero. Lomo con tejuelos y nervaduras. Guardas en papel de agua. Portada impresa en una sola tinta. Texto en una columna con notas al pie de página. Papel con algunas manchas de humedad.
505 ## - NOTA DE CONTENIDO CON FORMATO PREESTABLECIDO [R]
Nota de contenido con formato preestablecido [NR] Introducción. ; España en sus primitivos tiempos históricos. ; España bajo la dominación romana. ; España bajo la dominación goda. ; España desde la invasión de los árabes hasta el reinado de D. Fernando el Santo. ; España desde el advenimiento al trono de D. Fernando el Santo hasta el reinado de D. Fernando el Católico. . ; España desde los Reyes Católicos hasta D. Fernando VII. ; España desde la abdicación de D. Carlos I hasta nuestros días. ; España en sus antiguos dominios de ultramar. ; Apéndices.
506 ## - NOTA DE RESTRICCIONES DE ACCESO [R]
Condiciones de acceso [NR] Consulta en sala
650 #7 - ASIENTO SECUNDARIO DE MATERIA - TERMINO TEMATICO [R]
Término temático o nombre geográfico como elemento de entrada [NR] Derecho español
9 (RLIN) 12765
650 #7 - ASIENTO SECUNDARIO DE MATERIA - TERMINO TEMATICO [R]
Término temático o nombre geográfico como elemento de entrada [NR] Derecho
Subdivisión geográfica [R] España
Subdivisión de forma [R] Historia
Fuente del encabezamiento o término [NR] embne
9 (RLIN) 60891
690 ## - ASUNTO AGREGADO LOCAL DE ENTRADA - TÉRMINO TEMÁTICO (OCLC, RLIN)
Acceso temático local Derecho
856 ## - LOCALIZACION Y ACCESO ELECTRONICOS [R]
Nota dirigida al público [R] Disponible en línea
Identificador Uniforme del Recurso (“URI”) [R] <a href="https://archive.org/details/historiadelaleg01antegoog">https://archive.org/details/historiadelaleg01antegoog</a>
-- <a href="http://bvpb.mcu.es/es/consulta/registro.cmd?id=413214">http://bvpb.mcu.es/es/consulta/registro.cmd?id=413214</a>
942 ## - ELEMENTOS DE ENTRADA AGREGADOS (KOHA)
Tema principal 8
Tipo de ítem principal el descrito en 300a Libro
Edición 2
Existencias
Suprimido Perdido Sistema de clasificación Dañado No prestable Tipo de ítem específico Ubicación habitual Ubicación actual Localización Fecha de creación Forma de adquisición Costo Total préstamos Signatura topográfica Código de barras Última vez visto Ejemplar Price effective from Tipo de ítem
    LOCAL     Libro archivo Archivo Histórico Archivo Histórico Archivo histórico 12/05/2014 Donación 0.00   E29N027 L004117 12/05/2014 Ej.1 12/05/2014 Libro